1197 1691 1612 1514 1856 1922 1920 1454 1989 1747 1078 1497 1462 1141 1133 1243 1627 1266 1044 1570 1360 1483 1180 1264 1658 1518 1900 1413 1402 1204 1326 1866 1381 1192 1913 1326 1254 1553 1746 1603 1829 1139 1135 1090 1106 1071 1743 1385 1069 1549 1340 1254 1683 1027 1626 1832 1752 1183 1523 1423 1569 1061 1433 1435 1024 1483 1859 1958 1546 1971 1617 1625 1773 1255 1082 1925 1174 1964 1433 1108 1383 1822 1329 1785 1766 1045 1557 1752 1480 1626 1685 1214 1536 1466 1577 1427 1165 1202 1028 BCNSPRNW ULIB Ver.6.0+V

เปลี่ยนเป็นภาษาไทย

Change to English
 แสดงรายละเอียดบรรณานุกรม
  กลับหน้าหลัก

Brief Record : Get Marc (ISO 2709) : E-mail record : QR code < ปิดหน้าต่าง
LEADER : 00000nam 2200000uu 4500
001    13399123950
003     ULIB
008    141215s2556||||th 000 0 tha d
020    ^a9786162711152
060  4 ^aWQ209^bก451
110 1  ^aมหาวิทยาลัยสงขลานครินทร์. ^bคณะแพทยศาสตร์
245 00 ^aการตรวจคัดกรองและการวินิจฉัยก่อนคลอดทารกกลุ่มอาการดาวน์ =^bPrenatal screening and diagnosis of down syndrome /^cสาวิตรี พรานพนัส, นิลภา พฤกษานุศักดิ์, บรรณาธิการ
246 31 ^aPrenatal screening and diagnosis of down syndrome
250    ^aพิมพ์ครั้งที่ 2
260    ^aสงขลา :^bคณะแพทยศาสตร์ มหาวิทยาลัยสงขลานครินทร์,^c2556
300    ^a221 หน้า :^bภาพประกอบ ;^c26 ซม.
650  4 ^aกลุ่มอาการดาวน์^xการวินิจฉัย
650  4 ^aทารกในครรภ์
700 0  ^aสาวิตรี พรานพนัส,^eบรรณาธิการ
700 0  ^aนิลภา พฤกษานุศักดิ์,^eบรรณาธิการ
945    ^p420^l0^i22760
999    ^aทศพร เกษรทอง
รายการนี้ยังไม่มีแท็ก
คุณยังไม่ได้ล็อกอิน คุณสามารถมีกิจกรรมร่วมกับเว็บไซต์ได้ แต่ต้องล็อกอินก่อน ::
  ล็อกอิน

รายการสื่อสารสนเทศ

ลำดับที่ ประเภท เลขเรียก/บาร์โค้ด สถานที่ สถานะ
1. วิทยาศาสตร์การแพทย์ และสุขภาพ
วิทยาศาสตร์การแพทย์ และสุขภาพ
สถานะ=หนังสือเก่า
WQ209 ก451 ฉ.1 
  Barcode: 22760
ห้องสมุดวิทยาเขตนครสวรรค์
►ส่วนจัดเก็บหนังสือเก่า นว.
บนชั้น
  ขอยืม

รายการใกล้เคียง
    หัวเรื่อง [ทารกในครรภ์]

BibComment


ยังไม่เคยถูกคอมเมนท์

คอมเมนท์ทรัพยากรรายการนี้
  คอมเมนท์: การตรวจคัดกรองแล..


 Copyright 2026. Bcnsprnw @Library